| 000 | 01577cam a2200385 i 4500 | ||
|---|---|---|---|
| 001 | 12820234 | ||
| 003 | GBCCL | ||
| 005 | 20241126110427.0 | ||
| 008 | 160321s2015 ii 100 0 eng d | ||
| 020 | _a9788187712381 (paperback) | ||
| 035 | _a(OCoLC)945194013 | ||
| 035 | _a(IiNdDKA)DK-254430-PBK | ||
| 035 | _a12820234 | ||
| 040 |
_aIiNdDKA _beng _cIiNdDKA _erda _dCtY-D |
||
| 043 | _aa-ii--- | ||
| 050 | 4 |
_aHN39.I4 _bS68 2013 |
|
| 082 | 0 | 4 |
_a261.830954 _223 _bEXC |
| 110 | 2 |
_aSouth Asian Institute of Advanced Christian Studies. _bAnnual Consultation _n(3rd : _d2013 : _cBangalore, India) _94876 |
|
| 245 | 1 | 0 |
_aExclusion and inclusion in changing India : _bpapers from the 3rd SAIACS Consultation / _cedited by Steven W. Guest, Varughese John and Nigel Ajay Kumar. |
| 264 | 1 |
_aBangalore, India : _bSAIACS Press, _c[2015] |
|
| 300 |
_axviii, 230 pages ; _c23 cm |
||
| 336 |
_atext _2rdacontent |
||
| 337 |
_aunmediated _2rdamedia |
||
| 338 |
_avolume _2rdacarrier |
||
| 650 | 0 |
_aChurch and social problems _zIndia _vCongresses. _92139 |
|
| 650 | 0 |
_aMarginality, Social _xReligious aspects _xChristianity _vCongresses. _94877 |
|
| 650 | 0 |
_aMarginality, Social _zIndia _vCongresses. _94878 |
|
| 650 | 0 |
_aSocial integration _xReligious aspects _xChristianity _vCongresses. _94879 |
|
| 650 | 0 |
_aSocial integration _zIndia _vCongresses. _94880 |
|
| 700 | 1 |
_aGuest, Steven W., _eeditor. _94881 |
|
| 700 | 1 |
_aJohn, Varughese, _eeditor. _92468 |
|
| 700 | 1 |
_aKumar, Nigel Ajay, _eeditor. _91269 |
|
| 710 | 2 |
_aSouth Asian Institute of Advanced Christian Studies. _94882 |
|
| 942 |
_2ddc _cBK _04 |
||
| 999 |
_c2358 _d2358 |
||